| 000 | 00506nam a2200169 4500 | ||
|---|---|---|---|
| 005 | 20260327173312.0 | ||
| 008 | - | ||
| 020 | _a9789968090094 | ||
| 040 |
_aBiblioteca LadoV Teorética _cBiblioteca LadoV Teorética _erda |
||
| 082 | 0 | 4 |
_a709.7286 _bU15o |
| 100 | 1 | _aUbieto, Nerea | |
| 245 | 1 | 3 |
_aEl ojo desarmado _cpor Nerea Ubieto |
| 260 | 1 |
_aCosta Rica _bMuseo de Arte y Diseño Contemporáneo _c2024 |
|
| 300 |
_a51 páginas _bFotografías a color _c24 cm |
||
| 650 | 0 | _aArte-Exposiciones | |
| 942 |
_2ddc _c1 _n0 |
||
| 999 |
_c4613 _d4613 |
||